000 00803cab a2200265 4500
001 WB3519-10
008 090401t1999 xxu||||| |||| 00| 0 eng d
035 _a(Sirsi) u93391
041 _aeng
245 _aHospitals return to rude health
260 _c1999
350 _a0
490 _aWeekend Financial Times
_v15 May 1999, XVII(2)
520 _aDiscusses how former hospitals and asylums can be converted sensitively to residential use, using Virginia Park and Repton Park in Surrey as examples.
650 _aASYLUMS
650 _aCONVERSION
650 _aHOSPITALS
650 _aHOUSING DEVELOPMENTS
650 _aINSTITUTIONAL BUILDINGS
650 _aRESIDENTIAL CONVERSION
650 _aRESIDENTIAL USE
690 _aRefurbishment
_96264
942 _n0
948 _c18/05/1999
999 _c59194
_d59194